Eurovision 2025 Grand Final Scoreboard - Statistics

General Stats
  • This quiz has been taken 884 times
  • The average score is 21 of 26
Answer Stats
Place Country Points % Correct
1st Austria 436
100%
2nd Israel 357
99%
3rd Estonia 356
96%
4th Sweden 321
93%
5th Italy 256
89%
7th France 230
84%
26th San Marino 27
84%
11th Finland 196
83%
6th Greece 231
82%
25th Iceland 33
82%
10th Switzerland 214
81%
8th Albania 218
79%
15th Germany 151
78%
24th Spain 37
77%
18th Norway 89
76%
9th Ukraine 218
76%
19th United Kingdom 88
76%
13th Latvia 158
74%
23rd Denmark 47
73%
12th Netherlands 175
73%
14th Poland 156
73%
16th Lithuania 96
72%
21st Portugal 50
71%
22nd Luxembourg 47
69%
17th Malta 91
69%
20th Armenia 72
64%
No matching quizzes found
Score Distribution
Percent of People with Each Score
Percentile by Number Answered
Your Score History
You have not taken this quiz